000 00359nam a2200133Ia 4500
008 231129s9999||||xx |||||||||||||| ||spa||
020 _a84-250-4010-8
040 _bspa
082 _a616.692 D778i
100 _aDreyfus-Moreau J.
245 0 _aLa impotencia sexual
264 _aEdiciones Guadarrama
942 _2ddc
_cBKS
999 _c17369
_d17369